Factibilidad de las distintas alternativas para agregarle valor al propileno /

Guardado en:
Otros Autores: Sacks, Fernanda Daniela. (Disertante), Damiani, Daniel Eduardo, 1951- (Orientador), Dichiara, Raúl Oscar. (Orientador)
Formato: Manuscrito
Idioma:Spanish
Publicado: 2012.
Materias:
Acceso en línea:Texto completo
Etiquetas: Agregar Etiqueta
Sin Etiquetas, Sea el primero en etiquetar este registro!
LEADER 01267ntm a22002535a 4500
001 EIQ.libpla004330
008 130218s2012####ag#######bm###000#0#spa#d
005 20130221154450.0
245 1 0 |a Factibilidad de las distintas alternativas para agregarle valor al propileno /  |c autor: Fernanda Daniela Sacks ; directores: Daniel Damiani y Raúl Dichiara. 
260 |c 2012. 
300 |a [4], 160 h. :  |b il. col. ;  |c 21 cm. 
500 |a "Tesis de Magíster en Ingeniería de Procesos Petroquímicos". 
502 |a Tesis (magíster)--Universidad Nacional del Sur. Departamento de Ingeniería Química, 2012. 
530 |a Disponible también en formato digital. 
504 |a Incluye referencias bibliográficas. 
100 1 |a Sacks, Fernanda Daniela.  |4 dis 
700 1 |a Damiani, Daniel Eduardo,  |d 1951-  |4 ths 
700 1 |a Dichiara, Raúl Oscar.  |4 ths 
710 2 |a Universidad Nacional del Sur.  |b Departamento de Ingeniería Química  |4 dgg. 
082 0 4 |a 665.8  |2 21 
650 7 |a Hidrocarburos.  |x Proyectos industriales  |x Evaluación de proyectos  |x Propileno 
650 7 |a Hydrocarbons  |x Industrial projects  |x Projects evaluation  |x Propylene 
856 4 1 |3 Texto completo  |u http://tesis.uns.edu.ar/tde%5Fbusca/arquivo.php?codArquivo=674 
859 |a AR-BbSID  |b BIB. PLAPIQUI  |h 665.8  |i Sa14  |p 6270